|
|
|
|
| LEADER |
01028nam a22002657i 4500 |
| 001 |
001952992 |
| 003 |
CZ BrMZK |
| 005 |
20251105153801.0 |
| 007 |
ta |
| 008 |
251105s1932 ne a er|||||||||||dut |
| 040 |
|
|
|a BOA001
|b cze
|e rda
|
| 100 |
1 |
|
|a Ginneken, J. J. A. van,
|d 1877-1945
|7 xx0323785
|4 aut
|
| 245 |
1 |
3 |
|a De ontwikkelingsgeschiedenis van de systemen der menschelijke taalklanken /
|c door Jac. van Ginneken
|
| 264 |
|
1 |
|a Amsterdam :
|b N.V. Noordhollandsche uitgevers-maatschappij,
|c 1932
|
| 300 |
|
|
|a 93 stran :
|b ilustrace ;
|c 23 cm
|
| 336 |
|
|
|a text
|b txt
|2 rdacontent
|
| 337 |
|
|
|a bez média
|b n
|2 rdamedia
|
| 338 |
|
|
|a svazek
|b nc
|2 rdacarrier
|
| 500 |
|
|
|a Nad názvem: Koninklijke Akademie van wetenschappen te Amsterdam
|
| 504 |
|
|
|a Obsahuje bibliografické odkazy
|
| 710 |
2 |
|
|a Koninklijke Akademie van Wetenschappen (Nizozemsko)
|7 ko2002112974
|4 isb
|
| 910 |
|
|
|a BOA001
|b 2-0148.746
|
| 990 |
|
|
|a BK
|
| 991 |
|
|
|b 202511
|
| 996 |
6 |
|
|b BC-2608232
|c 2-0148.746
|l MZK
|r Sklad / do 24 hodin
|n 0
|w 002023982
|u 000010
|a 1
|e BOA001
|j MZK50
|s P
|